000 02045cam a2200541 a 4500
001 21380
003 VRT
005 20260228114949.0
008 230403s1951 xo h g 000 p slo
015 _aSNBA19451955-004168
020 _q(viazané)
035 _aSK01SNKBKSFS20010067323
035 _aurn:nbn:sk:snk-am3ie0o
035 _aurn:nbn:sk:snk-am00e6gx
035 _aCC495B11-0991-4ACF-8B87-AD2A77A7F9FC
035 _aSKM000069786
039 9 _a202304032045
_bVLOAD
_c202212050954
_dVLOAD
_c202205110904
_dVLOAD
_c202106231932
_dVLOAD
040 _aSNK
_bslo
_cSNK
_eAACR2
041 0 _aslo
044 _axo
_cSK
072 7 _a821.162.4-1
_xSlovenská poézia
_2konspekt
080 _a821.162.4-1
_22011
080 _a82-13
_22011
080 _a(0:82-13)
_22011
100 1 _aHviezdoslav, Pavol Országh,
_d1849-1921
_4aut
245 1 0 _aVolajúci na púšti
_blyrické básne
_cHviezdoslav ; [zredigoval, poznámky a slovník napísal Ján Brezina ; obálku a grafickú úpravu navrhol Osvald A. Klapper ; úvodnú kresbu nakreslil Ľudo Fulla]
250 _a1. vydanie
260 _aMartin
_bMatica slovenská
_c1951
300 _a258 strán
_bfaksimile
_c21 cm
366 _e5500 kusov
490 1 _aSpisy P. O. Hviezdoslava
_vsv. 3
500 _aFrontispice ; poznámky ; slovník ; soznam a vysvetlivky skratiek
655 7 _aepická poézia
_2SNKPH
655 7 _aslovenská poézia
_2SNKPH
655 7 _aSlovak poetry
_2SNKPHeng
655 7 _aEpic poetry
_2SNKPHeng
700 1 _aBrezina, Ján,
_d1917-1997
_4edt
700 1 _aFulla, Ľudovít,
_d1902-1980
_4ill
700 1 _aKlapper, Osvald,
_d1930-2010
_4bjd
830 0 _aSpisy P. O. Hviezdoslava
910 _asnk
942 _2ddc
_cKLDO
_n0
949 _617A0223054
_9P60, <05>, [BOOK], {605}
_asnkSC 4640/3 D1
949 _617A0767791
_asnkSC 4640/3
_bsnk734/52
_oI. 66/52 - 2. ev. č.
_s6100:20190201
949 _62889316164
_asavukB 47849/3
_oK 5227/57
949 _6270001000642160
_asvkbba 160340
_bsvkbbm 789584
999 _c21380
_d21380